Akta Pengurusan Strata 2013 (Record no. 4955)

000 -LEADER
fixed length control field 00591nam a2200181 a 4500
005 - DATE AND TIME OF LATEST TRANSACTION
control field 20230125102151.0
008 - FIXED-LENGTH DATA ELEMENTS--GENERAL INFORMATION
fixed length control field 230120t2021 my ||||| |||| 00| 0 eng d
040 ## - CATALOGING SOURCE
Original cataloging agency AKMAL
082 ## - DEWEY DECIMAL CLASSIFICATION NUMBER
Classification number 343.59507869 MAL
090 ## - LOCALLY ASSIGNED LC-TYPE CALL NUMBER (OCLC); LOCAL CALL NUMBER (RLIN)
Classification number (OCLC) (R) ; Classification number, CALL (RLIN) (NR) 343.59507869
Local cutter number (OCLC) ; Book number/undivided call number, CALL (RLIN) MAL
245 10 - TITLE STATEMENT
Title Akta Pengurusan Strata 2013
Remainder of title Akta 757
Statement of responsibility, etc. Malaysia
260 00 - PUBLICATION, DISTRIBUTION, ETC.
Place of publication, distribution, etc. Kuala Lumpur :
Name of publisher, distributor, etc. MDC Publishers Sdn Bhd
Date of publication, distribution, etc. 2021
300 ## - PHYSICAL DESCRIPTION
Extent viii, 155p. :
Other physical details ill. ;
Dimensions 27cm
599 ## - LOCAL NOTE
Local Note DALAM PROSES
650 00 - SUBJECT ADDED ENTRY--TOPICAL TERM
Topical term or geographic name entry element Building management
General subdivision Law and legislation
Geographic subdivision Malaysia
9 (RLIN) 9450
650 00 - SUBJECT ADDED ENTRY--TOPICAL TERM
Topical term or geographic name entry element Office building
General subdivision Law and legislation
Geographic subdivision Malaysia
9 (RLIN) 9451
942 ## - ADDED ENTRY ELEMENTS (KOHA)
Source of classification or shelving scheme
Koha item type Book
Holdings
Withdrawn status Lost status Source of classification or shelving scheme Damaged status Not for loan Collection code Home library Current library Shelving location Date acquired Inventory number Total Checkouts Full call number Barcode Date last seen Price effective from Koha item type
          NON-FICTION AKMAL Melaka AKMAL Melaka PINJAMAN 20.01.2023 011508   343.59507869 MAL 201708168 20.01.2023 20.01.2023 Book
Pusat Sumber Maklumat Dato' Haji Sarmin Md Hussin, Akademi Kastam Diraja Malaysia, Melaka
Tel: 06-2331106 | Faks: 06-2313787